000 00396nam a22001337a 4500
005 20251122183930.0
008 251122b |||||||| |||| 00| 0 eng d
050 _aTG147 BIN
100 _aBindra, S. P.
245 _aPrinciples and Practices of Bridge Engineering
_cS. P. Bindra
260 _aNew Delhi
_bDhanpat Rai Publications
_c2008
300 _aviii. 489p.
_bill.
_c21.5cm
942 _2lcc
_cBK
_n0
999 _c8367
_d8367